[Event "Vientiane op"]
[Site "Vientiane"]
[Date "2018.12.18"]
[Round "1"]
[White "Thatsanee, Sanaban"]
[Black "Tan, Matthew"]
[Result "0-1"]
[WhiteElo "1525"]
[BlackElo "2422"]
[PlyCount "48"]
[EventDate "2018.12.18"]
[EventType "swiss"]
[EventRounds "9"]
[EventCountry "LAO"]
[SourceTitle "CBM 187 Extra"]
[Source "ChessBase"]
[SourceDate "2018.11.04"]
[SourceVersion "1"]
[SourceVersionDate "2018.11.04"]
[SourceQuality "1"]

1. e4 c5 2. c3 e6 3. d4 d5 4. Nd2 Nf6 5. e5 Nfd7 6. Bb5 Qb6 7. Qa4 a6 8. Bd3 Nc6 9. Ne2 cxd4 10. cxd4 f6 11. f4 Be7 12. Nf3 0-0 13. Qc2 h6 14. Bh7+ Kh8 15. Nh4 f5 16. Ng6+ Kxh7 17. Nxf8+ Nxf8 18. Qd3 Bd7 19. a3 Rc8 20. g4 Bh4+ 21. Kf1 Ne7 22. Nc3 Rxc3 23. Qxc3 Qb5+ 24. Kg2 Qe2+ 0-1

[Event "BEL-chT 1718"]
[Site "Belgium"]
[Date "2018.03.11"]
[Round "8.4"]
[White "Polaczek, Richard"]
[Black "Tan, Matthew"]
[Result "1/2-1/2"]
[WhiteElo "2408"]
[BlackElo "2442"]
[PlyCount "64"]
[EventDate "2017.09.24"]
[EventType "team-tourn"]
[EventRounds "11"]
[EventCountry "BEL"]
[SourceTitle "EXT 2019"]
[Source "ChessBase"]
[SourceDate "2018.10.10"]
[SourceVersion "1"]
[SourceVersionDate "2018.10.10"]
[SourceQuality "1"]
[WhiteTeam "Eynatten"]
[BlackTeam "Amay"]
[WhiteTeamCountry "BEL"]
[BlackTeamCountry "BEL"]

1. e4 e6 2. d4 d5 3. Nd2 Nf6 4. e5 Nfd7 5. Bd3 c5 6. c3 Nc6 7. Ne2 cxd4 8. cxd4 f6 9. Nf4 Nxd4 10. Qh5+ Ke7 11. exf6+ Nxf6 12. Ng6+ hxg6 13. Qxh8 Kf7 14. Qh4 e5 15. Nf3 Nxf3+ 16. gxf3 Bf5 17. Bxf5 gxf5 18. Bg5 Qa5+ 19. Kf1 g6 20. Qh8 Qa6+ 21. Kg2 Re8 22. Rac1 Be7 23. Qh6 Qd6 24. Rc2 e4 25. Rhc1 Qe6 26. fxe4 fxe4 27. Rc7 Qg4+ 28. Kf1 d4 29. Qh4 Qf3 30. Bxf6 d3 31. Kg1 d2 32. Bg5 d1Q+ 1/2-1/2

[Event "BEL-chT 1718"]
[Site "Belgium"]
[Date "2017.09.24"]
[Round "1.5"]
[White "Tan, Matthew"]
[Black "Sclacmender, Julien"]
[Result "1/2-1/2"]
[WhiteElo "2442"]
[BlackElo "2239"]
[PlyCount "55"]
[EventDate "2017.09.24"]
[EventType "team-tourn"]
[EventRounds "11"]
[EventCountry "BEL"]
[SourceTitle "EXT 2018"]
[Source "ChessBase"]
[SourceDate "2017.10.13"]
[SourceVersion "1"]
[SourceVersionDate "2017.10.13"]
[SourceQuality "1"]
[WhiteTeam "Amay"]
[BlackTeam "Charleroi CREC"]
[WhiteTeamCountry "BEL"]
[BlackTeamCountry "BEL"]

1. e4 c5 2. Nf3 d6 3. Bb5+ Nd7 4. d4 cxd4 5. Qxd4 a6 6. Bxd7+ Bxd7 7. Bg5 Rc8 8. Nc3 h6 9. Bh4 e5 10. Qd3 g5 11. Bg3 Nf6 12. 0-0-0 Qa5 13. Nd2 b5 14. Nb3 Qb6 15. h4 Rg8 16. hxg5 hxg5 17. Rhe1 Be7 18. Kb1 a5 19. Nd5 Nxd5 20. exd5 Kd8 21. f3 a4 22. Nc1 b4 23. Rd2 f5 24. Bf2 Qb7 25. Qe3 f4 26. Qb6+ Qxb6 27. Bxb6+ Ke8 28. Ba5 1/2-1/2

[Event "BEL-chT 1617"]
[Site "Belgium"]
[Date "2017.04.30"]
[Round "11.4"]
[White "Tan, Matthew"]
[Black "Fontaine, Quentin"]
[Result "1/2-1/2"]
[WhiteElo "2430"]
[BlackElo "2269"]
[PlyCount "51"]
[EventDate "2016.10.02"]
[EventType "team-tourn"]
[EventRounds "11"]
[EventCountry "BEL"]
[SourceTitle "EXT 2018"]
[Source "ChessBase"]
[SourceDate "2017.10.13"]
[SourceVersion "1"]
[SourceVersionDate "2017.10.13"]
[SourceQuality "1"]
[WhiteTeam "Amay"]
[BlackTeam "Fontaine"]
[WhiteTeamCountry "BEL"]
[BlackTeamCountry "BEL"]

1. e4 c5 2. Nf3 e6 3. d4 cxd4 4. Nxd4 Nc6 5. Nc3 Qc7 6. Be2 a6 7. 0-0 Nf6 8. Kh1 b5 9. f4 Nxd4 10. Qxd4 Bb7 11. Bf3 b4 12. e5 bxc3 13. Bxb7 Qxb7 14. exf6 gxf6 15. Qxc3 Rc8 16. Qb3 Qe4 17. Be3 Bd6 18. Qd3 Qxd3 19. cxd3 Ke7 20. Rac1 f5 21. g3 h5 22. Kg2 Rb8 23. b3 h4 24. Rc4 hxg3 25. hxg3 Rb5 26. Rfc1 1/2-1/2

[Event "BEL-chT 1617"]
[Site "Belgium"]
[Date "2017.01.29"]
[Round "6.5"]
[White "Koch, Thomas"]
[Black "Tan, Matthew"]
[Result "1/2-1/2"]
[WhiteElo "2468"]
[BlackElo "2430"]
[PlyCount "49"]
[EventDate "2016.10.02"]
[EventType "team-tourn"]
[EventRounds "11"]
[EventCountry "BEL"]
[SourceTitle "EXT 2018"]
[Source "ChessBase"]
[SourceDate "2017.10.13"]
[SourceVersion "1"]
[SourceVersionDate "2017.10.13"]
[SourceQuality "1"]
[WhiteTeam "Eynatten"]
[BlackTeam "Amay"]
[WhiteTeamCountry "BEL"]
[BlackTeamCountry "BEL"]

1. d4 Nf6 2. c4 e6 3. Nf3 c5 4. d5 exd5 5. cxd5 d6 6. Nc3 g6 7. Nd2 Bg7 8. e4 0-0 9. Be2 Na6 10. 0-0 Nc7 11. Rb1 a6 12. a3 Re8 13. Qc2 Bd7 14. b4 cxb4 15. Rxb4 Rc8 16. Qa2 b5 17. Bd3 Ng4 18. Rb3 Na8 19. Bb2 Nb6 20. Ne2 Ne5 21. Bb1 Nbc4 22. Bd4 Qa5 23. Nxc4 Nxc4 24. Bxg7 Kxg7 25. Rd1 1/2-1/2

[Event "BEL-chT 1516"]
[Site "Belgium"]
[Date "2016.03.20"]
[Round "9.4"]
[White "Pijpers, Arthur"]
[Black "Tan, Matthew"]
[Result "1-0"]
[WhiteElo "2444"]
[BlackElo "2445"]
[PlyCount "89"]
[EventDate "2015.09.27"]
[EventType "team-tourn"]
[EventRounds "11"]
[EventCountry "BEL"]
[SourceTitle "EXT 2017"]
[Source "ChessBase"]
[SourceDate "2016.10.25"]
[SourceVersion "1"]
[SourceVersionDate "2016.10.25"]
[SourceQuality "1"]
[WhiteTeam "KGSRL"]
[BlackTeam "Amay"]
[WhiteTeamCountry "BEL"]
[BlackTeamCountry "BEL"]

1. e4 e6 2. d4 d5 3. Nc3 Bb4 4. e5 Ne7 5. a3 Bxc3+ 6. bxc3 c5 7. Qg4 Qc7 8. Qxg7 Rg8 9. Qxh7 cxd4 10. Ne2 Nbc6 11. f4 dxc3 12. Qd3 d4 13. Nxd4 Nxd4 14. Qxd4 Qc6 15. Rg1 Nf5 16. Qc4 Bd7 17. Qxc6 Bxc6 18. Kf2 0-0-0 19. Bd3 Rh8 20. h3 Rdg8 21. Rb1 Ne7 22. Rb3 Nd5 23. Be4 Kb8 24. Rd1 Rc8 25. Rd4 b6 26. Rc4 Kb7 27. Be3 Rhd8 28. g3 b5 29. Rc5 a6 30. h4 Rg8 31. Bxd5 Bxd5 32. Rbxc3 Bc4 33. Rxc8 Rxc8 34. h5 a5 35. Bd2 Rd8 36. Ke1 Rg8 37. Re3 Kb6 38. Kf2 Bd5 39. Rc3 Bc4 40. Re3 Bd5 41. Rd3 b4 42. axb4 a4 43. Rc3 Be4 44. Rc5 a3 45. Be3 1-0

[Event "BEL-chT 1516"]
[Site "Belgium"]
[Date "2016.01.31"]
[Round "6.2"]
[White "Leenhouts, Koen"]
[Black "Tan, Matthew"]
[Result "1-0"]
[WhiteElo "2420"]
[BlackElo "2445"]
[PlyCount "91"]
[EventDate "2015.09.27"]
[EventType "team-tourn"]
[EventRounds "11"]
[EventCountry "BEL"]
[SourceTitle "CBM 170 Extra"]
[Source "ChessBase"]
[SourceDate "2016.02.25"]
[SourceVersion "1"]
[SourceVersionDate "2016.02.25"]
[SourceQuality "1"]
[WhiteTeam "KBSK Brugge"]
[BlackTeam "Amay"]
[WhiteTeamCountry "BEL"]
[BlackTeamCountry "BEL"]

1. d4 Nf6 2. c4 e6 3. g3 c5 4. d5 exd5 5. cxd5 d6 6. Bg2 g6 7. Nc3 Bg7 8. Nf3 0-0 9. 0-0 a6 10. a4 Nbd7 11. Bf4 Qe7 12. e4 Nh5 13. Bg5 Bf6 14. Bxf6 Qxf6 15. Qd2 Rb8 16. Rab1 Re8 17. Rfe1 Qg7 18. b4 b6 19. b5 h6 20. bxa6 Bxa6 21. Bh3 Nhf6 22. Nh4 h5 23. f4 Ng4 24. Nf3 Re7 25. Bg2 f6 26. h3 Nh6 27. e5 fxe5 28. fxe5 dxe5 29. Ng5 Nf8 30. d6 Rd7 31. Bc6 Nf5 32. Bxd7 Nxd7 33. Qd5+ Kh8 34. Nf7+ Kh7 35. Ng5+ Kh8 36. Nf7+ Kh7 37. Ne4 Bb7 38. Neg5+ Kg8 39. Qe6 Nf8 40. Nh6+ Kh8 41. Nhf7+ Kg8 42. Qa2 e4 43. Ne5+ Kh8 44. Rxb6 Bd5 45. Rxb8 Bxa2 46. Rxf8+ 1-0

[Event "EU-Cup 31st"]
[Site "Skopje"]
[Date "2015.10.22"]
[Round "5.2"]
[White "Swinkels, Robin"]
[Black "Tan, Matthew"]
[Result "1-0"]
[WhiteElo "2476"]
[BlackElo "2447"]
[PlyCount "147"]
[EventDate "2015.10.18"]
[EventType "team-swiss"]
[EventRounds "7"]
[EventCountry "MKD"]
[SourceTitle "CBM 169"]
[Source "ChessBase"]
[SourceDate "2015.11.10"]
[SourceVersion "1"]
[SourceVersionDate "2015.11.10"]
[SourceQuality "1"]
[WhiteTeam "Eynatten"]
[BlackTeam "Amaytos"]
[WhiteTeamCountry "BEL"]
[BlackTeamCountry "BEL"]

1. e4 e6 2. d4 d5 3. Nc3 Bb4 4. e5 Ne7 5. a3 Bxc3+ 6. bxc3 c5 7. Qg4 Qc7 8. Bd3 c4 9. Be2 0-0 10. Nf3 Nbc6 11. 0-0 f6 12. exf6 Rxf6 13. Qg3 Qxg3 14. hxg3 Bd7 15. Rb1 b6 16. Bf4 h6 17. Rbe1 Be8 18. Nh2 Bg6 19. Bd1 Bf5 20. Bc1 g5 21. f4 gxf4 22. Rxf4 Rg6 23. g4 Be4 24. Nf1 Rf8 25. Rxf8+ Kxf8 26. Ng3 b5 27. Bd2 a6 28. Nxe4 dxe4 29. Rxe4 Nd5 30. Bf3 Ke7 31. Re1 Kd6 32. Kf2 Nce7 33. Rh1 Ng8 34. Kg3 a5 35. Rh5 Ngf6 36. Rxh6 Rxh6 37. Bxh6 Nxc3 38. g5 Ng8 39. Bf8+ Kd7 40. g6 b4 41. axb4 a4 42. b5 Nxb5 43. Be2 Ne7 44. g7 Nf5+ 45. Kf4 Nxg7 46. Bxg7 Nd6 47. Bg4 Ke7 48. d5 exd5 49. Kg5 Ne8 50. Bh8 a3 51. Kf5 Kd6 52. Ba1 a2 53. Bd1 Kc5 54. g4 Nd6+ 55. Kf4 d4 56. g5 c3 57. g6 Ne8 58. Ke5 Ng7 59. Kf6 Ne8+ 60. Ke5 Ng7 61. Be2 Ne8 62. Bd3 Ng7 63. Kf6 Nh5+ 64. Kg5 Ng7 65. Kf6 Nh5+ 66. Kg5 Ng7 67. Kh6 Ne8 68. g7 Nf6 69. Kg6 Ng8 70. Kf7 Nh6+ 71. Kf8 Kd5 72. g8Q+ Nxg8 73. Kxg8 Ke5 74. Kf7 1-0

[Event "EU-Cup 31st"]
[Site "Skopje"]
[Date "2015.10.18"]
[Round "1.2"]
[White "Bauer, Christian"]
[Black "Tan, Matthew"]
[Result "1-0"]
[WhiteElo "2623"]
[BlackElo "2447"]
[PlyCount "71"]
[EventDate "2015.10.18"]
[EventType "team-swiss"]
[EventRounds "7"]
[EventCountry "MKD"]
[SourceTitle "CBM 169"]
[Source "ChessBase"]
[SourceDate "2015.11.10"]
[SourceVersion "1"]
[SourceVersionDate "2015.11.10"]
[SourceQuality "1"]
[WhiteTeam "Zuerich SG"]
[BlackTeam "Amaytos"]
[WhiteTeamCountry "SUI"]
[BlackTeamCountry "BEL"]

1. Nf3 Nf6 2. c4 e6 3. g3 a6 4. Bg2 b5 5. b3 c5 6. Nc3 b4 7. Na4 Bb7 8. 0-0 Be7 9. d4 cxd4 10. Qxd4 0-0 11. Bf4 d6 12. Qb6 Bc6 13. Qxb4 d5 14. Qd2 Bxa4 15. bxa4 Nbd7 16. Nd4 Rc8 17. cxd5 Nxd5 18. Bxd5 exd5 19. Nf5 Nf6 20. Be5 h6 21. Rac1 Rxc1 22. Rxc1 Re8 23. Qf4 Nh5 24. Nxh6+ gxh6 25. Qxh6 Bf6 26. Bc7 Qe7 27. Qxh5 Qxe2 28. Qxd5 Qb2 29. Rf1 Re2 30. a5 Qxa2 31. Qf3 Qe6 32. Bb6 Kg7 33. Rc1 Re4 34. Kg2 Bb2 35. Rc5 Bd4 36. Rc4 1-0

[Event "BEL-chT 1415"]
[Site "Belgium"]
[Date "2015.01.25"]
[Round "7.6"]
[White "Tan, Matthew"]
[Black "Hammes, Michael"]
[Result "1/2-1/2"]
[WhiteElo "2435"]
[BlackElo "2337"]
[PlyCount "38"]
[EventDate "2014.09.28"]
[EventType "team-swiss"]
[EventRounds "11"]
[EventCountry "BEL"]
[SourceTitle "EXT 2016"]
[Source "ChessBase"]
[SourceDate "2015.10.08"]
[SourceVersion "1"]
[SourceVersionDate "2015.10.08"]
[SourceQuality "1"]
[WhiteTeam "Amay"]
[BlackTeam "Eynatten"]
[WhiteTeamCountry "BEL"]
[BlackTeamCountry "BEL"]

1. e4 e6 2. d4 d5 3. Nd2 Be7 4. Ngf3 Nf6 5. e5 Nfd7 6. Bd3 c5 7. c3 Nc6 8. 0-0 Qb6 9. Re1 cxd4 10. cxd4 Nxd4 11. Nxd4 Qxd4 12. Nb3 Qb6 13. Be3 Qd8 14. Bd4 Nb8 15. Qg4 g6 16. Rac1 Nc6 17. Bc5 0-0 18. Re3 f5 19. Bxe7 Qxe7 1/2-1/2

[Event "BEL-chT 1314"]
[Site "Belgium"]
[Date "2013.12.15"]
[Round "6.4"]
[White "Lombaers, Peter"]
[Black "Tan, Matthew"]
[Result "1/2-1/2"]
[WhiteElo "2258"]
[BlackElo "2438"]
[PlyCount "139"]
[EventDate "2013.09.22"]
[EventType "team-tourn"]
[EventRounds "11"]
[EventCountry "BEL"]
[SourceTitle "EXT 2015"]
[Source "ChessBase"]
[SourceDate "2014.11.20"]
[SourceVersion "1"]
[SourceVersionDate "2014.11.20"]
[SourceQuality "1"]
[WhiteTeam "Borgerhout"]
[BlackTeam "Amay"]
[WhiteTeamCountry "BEL"]
[BlackTeamCountry "BEL"]

1. c4 e5 2. g3 Nc6 3. Nc3 Bc5 4. Bg2 a6 5. e3 d6 6. Nge2 Ba7 7. d4 Nf6 8. 0-0 0-0 9. a3 Re8 10. b4 Bf5 11. Bb2 exd4 12. exd4 Qd7 13. Rc1 Bg4 14. Qd3 Bf5 15. Qd2 Ne4 16. Nxe4 Bxe4 17. f3 Bg6 18. Nf4 Ne7 19. h4 h6 20. Kh2 d5 21. Bh3 Qd6 22. c5 Qf6 23. a4 c6 24. Rce1 Rad8 25. Re5 Nf5 26. Rfe1 Rf8 27. Nh5 Bxh5 28. Rxf5 Qg6 29. g4 Bb8+ 30. Kh1 Rde8 31. Re2 Qxf5 32. gxf5 Bxf3+ 33. Rg2 Bg3 34. Bc3 Re1+ 35. Qxe1 Bxe1 36. Bxe1 Re8 37. Bf2 Re2 38. Kg1 Bxg2 39. Bxg2 Ra2 40. a5 Ra1+ 41. Kh2 Rb1 42. f6 Rxb4 43. Bh3 gxf6 44. Bc8 h5 45. Bg3 Rxd4 46. Bxb7 Rc4 47. Bd6 d4 48. Kg2 d3 49. Kf2 Re4 50. Bxa6 d2 51. Be2 Rxh4 52. Ke3 Ra4 53. Kxd2 Rxa5 54. Bxh5 f5 55. Bf3 Ra6 56. Bc7 Ra8 57. Be5 Ra5 58. Bd6 Ra6 59. Bc7 Ra8 60. Bb6 Rc8 61. Ke3 Kg7 62. Kf4 Kf6 63. Bg2 Ke6 64. Bh3 Re8 65. Bxf5+ Kd5 66. Bb1 Kd4 67. Bf5 Re5 68. Bd7 Rxc5 69. Bxc6 Kc4 70. Bxc5 1/2-1/2

[Event "EU-Cup 29th"]
[Site "Rhodes"]
[Date "2013.10.24"]
[Round "5.4"]
[White "Tan, Matthew"]
[Black "Teterev, Vitaly"]
[Result "1-0"]
[WhiteElo "2438"]
[BlackElo "2506"]
[PlyCount "83"]
[EventDate "2013.10.20"]
[EventType "team-swiss"]
[EventRounds "7"]
[EventCountry "GRE"]
[SourceTitle "CBM 157"]
[Source "ChessBase"]
[SourceDate "2013.11.12"]
[SourceVersion "1"]
[SourceVersionDate "2013.11.12"]
[SourceQuality "1"]
[WhiteTeam "Amay"]
[BlackTeam "Minsk"]
[WhiteTeamCountry "NED"]
[BlackTeamCountry "BLR"]

1. e4 c5 2. Nf3 e6 3. d4 cxd4 4. Nxd4 a6 5. Bd3 Qc7 6. 0-0 Nf6 7. Qe2 d6 8. c4 Nbd7 9. f4 Be7 10. Nc3 b6 11. Kh1 g6 12. Bd2 0-0 13. Rae1 Re8 14. e5 Nh5 15. Be4 Bb7 16. exd6 Bxd6 17. Ndb5 axb5 18. Nxb5 Qb8 19. Bxb7 Rxa2 20. Qd3 Bf8 21. Qb1 Rxb2 22. Qxb2 Qxb7 23. f5 Qc6 24. Qd4 Nc5 25. Bc3 Ng7 26. fxe6 Ncxe6 27. Qf6 Qd7 28. Nd4 Nh5 29. Qe5 Neg7 30. Qd5 Rxe1 31. Bxe1 Qxd5 32. cxd5 f5 33. Bh4 Bc5 34. Nb5 h6 35. d6 g5 36. Bf2 Kf7 37. Bxc5 bxc5 38. Re1 Ne6 39. Nc7 Nhg7 40. Nxe6 Nxe6 41. d7 Ke7 42. Rxe6+ 1-0

[Event "EU-Cup 29th"]
[Site "Rhodes"]
[Date "2013.10.20"]
[Round "1.4"]
[White "Tan, Matthew"]
[Black "Steil Antoni, Fiona"]
[Result "1-0"]
[WhiteElo "2438"]
[BlackElo "2185"]
[PlyCount "99"]
[EventDate "2013.10.20"]
[EventType "team-swiss"]
[EventRounds "7"]
[EventCountry "GRE"]
[SourceTitle "CBM 157"]
[Source "ChessBase"]
[SourceDate "2013.11.12"]
[SourceVersion "1"]
[SourceVersionDate "2013.11.12"]
[SourceQuality "1"]
[WhiteTeam "Amay"]
[BlackTeam "Belvaux"]
[WhiteTeamCountry "NED"]
[BlackTeamCountry "LUX"]

1. e4 c6 2. d4 d5 3. Nc3 dxe4 4. Nxe4 Bf5 5. Ng3 Bg6 6. h4 h6 7. Nf3 Nd7 8. h5 Bh7 9. Bd3 Bxd3 10. Qxd3 Qc7 11. Bd2 e6 12. 0-0-0 Ngf6 13. Ne4 Nxe4 14. Qxe4 Nf6 15. Qe2 0-0-0 16. c4 c5 17. Bc3 Qf4+ 18. Rd2 Qe4 19. Ne5 Bd6 20. f3 Qxe2 21. Rxe2 Bxe5 22. dxe5 Ng8 23. b4 b6 24. bxc5 bxc5 25. Rb2 Ne7 26. Rb5 Nf5 27. Rxc5+ Kb7 28. g4 Ng3 29. Rh2 Rd3 30. Rb2+ Ka8 31. Be1 Rxf3 32. Bxg3 Rxg3 33. Rd2 Rxg4 34. Rd7 Rb8 35. Rxf7 Rg1+ 36. Kc2 Rg2+ 37. Kc3 Rxa2 38. Rcc7 Ra3+ 39. Kd4 Rd8+ 40. Kc5 Ra5+ 41. Kc6 Rb8 42. c5 Rd8 43. Rfd7 Ra6+ 44. Kb5 Rxd7 45. Rxd7 Ra1 46. Kc6 a5 47. Kb6 Rb1+ 48. Kxa5 Kb8 49. Rxg7 Re1 50. Kb6 1-0

[Event "Vlissingen HZ op 17th"]
[Site "Vlissingen"]
[Date "2013.08.04"]
[Round "3"]
[White "Tan, Matthew"]
[Black "Maatman, Nick"]
[Result "1/2-1/2"]
[WhiteElo "2444"]
[BlackElo "2207"]
[PlyCount "94"]
[EventDate "2013.08.03"]
[EventType "swiss"]
[EventRounds "9"]
[EventCountry "NED"]
[SourceTitle "CBM 155 Extra"]
[Source "ChessBase"]
[SourceDate "2013.08.26"]
[SourceVersion "1"]
[SourceVersionDate "2013.08.26"]
[SourceQuality "1"]

1. e4 e6 2. d4 d5 3. Nd2 Be7 4. Ngf3 Nf6 5. e5 Nfd7 6. Bd3 c5 7. c3 Nc6 8. 0-0 a5 9. a4 g5 10. dxc5 g4 11. Nd4 Ndxe5 12. N2b3 Nxd3 13. Qxd3 e5 14. Nb5 Be6 15. Bh6 Qd7 16. Rad1 0-0-0 17. c4 d4 18. Rfe1 Rdg8 19. Qg3 Rg6 20. Be3 h5 21. Bxd4 h4 22. Qxe5 Nxe5 23. Bxe5 Rh5 24. Rxd7 Bxd7 25. Na7+ Kd8 26. Nxa5 Re6 27. Nxb7+ Ke8 28. Bc3 Rxe1+ 29. Bxe1 Bxc5 30. Nb5 Bc6 31. Nxc5 Rxc5 32. Bc3 Kd7 33. b3 h3 34. gxh3 gxh3 35. f4 Rf5 36. Be5 Bxb5 37. axb5 f6 38. Bb8 Rh5 39. b6 Rh8 40. Bc7 Rg8+ 41. Kf1 Rg2 42. f5 Rb2 43. c5 Rxb3 44. Kf2 Kc6 45. Bd6 Kd5 46. Ke2 Ke4 47. Kf2 Rf3+ 1/2-1/2

[Event "BEL-chT 1213"]
[Site "Belgium"]
[Date "2013.02.03"]
[Round "8.2"]
[White "Tan, Matthew"]
[Black "Balduan, Markus"]
[Result "1-0"]
[WhiteElo "2428"]
[BlackElo "2288"]
[PlyCount "59"]
[EventDate "2012.09.23"]
[EventType "team-tourn"]
[EventRounds "11"]
[EventCountry "BEL"]
[SourceTitle "EXT 2014"]
[Source "ChessBase"]
[SourceDate "2013.11.20"]
[SourceVersion "1"]
[SourceVersionDate "2013.11.20"]
[SourceQuality "1"]
[WhiteTeam "Amay"]
[BlackTeam "Eynatten II"]
[WhiteTeamCountry "BEL"]
[BlackTeamCountry "BEL"]

1. e4 c5 2. Nf3 g6 3. g3 Bg7 4. Bg2 Nc6 5. 0-0 e5 6. c3 Nge7 7. Na3 0-0 8. Re1 d6 9. d3 h6 10. Nc4 Be6 11. a4 f5 12. exf5 gxf5 13. Nh4 Qd7 14. Qe2 Rad8 15. f4 Kh7 16. a5 Nd5 17. Nf3 Rfe8 18. fxe5 dxe5 19. Qf2 e4 20. dxe4 Nxc3 21. bxc3 Bxc4 22. Bh3 Bxc3 23. Bxf5+ Qxf5 24. exf5 Bxe1 25. Nxe1 Rd1 26. Bb2 Rexe1+ 27. Qxe1 Rxe1+ 28. Rxe1 Nxa5 29. Re8 Bg8 30. Re7+ 1-0

[Event "EU-Cup 28th"]
[Site "Eilat"]
[Date "2012.10.12"]
[Round "2.2"]
[White "Tan, Matthew"]
[Black "Brkic, Ante"]
[Result "1-0"]
[WhiteElo "2425"]
[BlackElo "2575"]
[PlyCount "93"]
[EventDate "2012.10.11"]
[EventType "team-swiss"]
[EventRounds "7"]
[EventCountry "ISR"]
[SourceTitle "CBM 151"]
[Source "ChessBase"]
[SourceDate "2012.11.13"]
[SourceVersion "1"]
[SourceVersionDate "2012.11.13"]
[SourceQuality "1"]
[WhiteTeam "Amay"]
[BlackTeam "Siroki Brijeg"]
[WhiteTeamCountry "BEL"]
[BlackTeamCountry "BIH"]

1. e4 e5 2. Bc4 Nf6 3. d3 c6 4. Nf3 d5 5. Bb3 a5 6. a3 Bd6 7. Nc3 d4 8. Ne2 Na6 9. c3 dxc3 10. bxc3 Nc5 11. Bc2 0-0 12. 0-0 Re8 13. Ng3 a4 14. Be3 Qa5 15. Qb1 Be6 16. d4 Nb3 17. Bxb3 axb3 18. dxe5 Bxe5 19. Nxe5 Qxe5 20. Bd4 Qb5 21. a4 Qc4 22. f4 Rad8 23. Bxf6 gxf6 24. f5 Bc8 25. Qc1 Kh8 26. Qh6 Rd6 27. Rad1 Qc5+ 28. Kh1 Rg8 29. Rxd6 Qxd6 30. Nh5 Bd7 31. h3 c5 32. Qxf6+ Qxf6 33. Nxf6 Bc6 34. Nxg8 Kxg8 35. Re1 b5 36. axb5 Bxb5 37. Rb1 c4 38. Rb2 Kg7 39. Kg1 Kf6 40. Kf2 Ke5 41. Kf3 Bc6 42. Re2 f6 43. g4 h6 44. h4 Be8 45. Kg3 Bf7 46. g5 Bh5 47. Rh2 1-0

[Event "EU-Cup 28th"]
[Site "Eilat"]
[Date "2012.10.11"]
[Round "1.2"]
[White "Nyysti, Sampsa"]
[Black "Tan, Matthew"]
[Result "1/2-1/2"]
[WhiteElo "2343"]
[BlackElo "2425"]
[PlyCount "88"]
[EventDate "2012.10.11"]
[EventType "team-swiss"]
[EventRounds "7"]
[EventCountry "ISR"]
[SourceTitle "CBM 151"]
[Source "ChessBase"]
[SourceDate "2012.11.13"]
[SourceVersion "1"]
[SourceVersionDate "2012.11.13"]
[SourceQuality "1"]
[WhiteTeam "Shakkivelhot"]
[BlackTeam "Amay"]
[WhiteTeamCountry "FIN"]
[BlackTeamCountry "BEL"]

1. e4 e6 2. Qe2 c5 3. Nf3 Nc6 4. g3 Nge7 5. Bg2 g6 6. c3 Bg7 7. d3 b6 8. h4 h6 9. e5 Ba6 10. Na3 d5 11. 0-0 Qc7 12. Re1 Rd8 13. Nc2 0-0 14. Bf4 Kh7 15. Qd2 d4 16. c4 b5 17. b3 bxc4 18. bxc4 Rb8 19. Rab1 Rxb1 20. Rxb1 Rb8 21. Rxb8 Qxb8 22. Qc1 Nxe5 23. Nxe5 Bxe5 24. Bxe5 Qxe5 25. Qa3 Qd6 26. Nxd4 Qxd4 27. Qxa6 Nf5 28. Qxa7 Kg7 29. Qc7 Qxd3 30. Qxc5 Qb1+ 31. Bf1 Qxa2 32. g4 Nxh4 33. Qd4+ e5 34. Qxe5+ Kg8 35. Qf6 g5 36. Qd8+ Kg7 37. Qd4+ Kg8 38. Qe4 Qa3 39. Bd3 Qc1+ 40. Kh2 Kf8 41. Qa8+ Kg7 42. Qe4 Kf8 43. Qa8+ Kg7 44. Qe4 Kf8 1/2-1/2